Premier League 2019-2020 table - Statistics

General Stats
  • This quiz has been taken 7 times
  • The average score is 13 of 20
Answer Stats
Placement Team % Correct
1 Liverpool
100%
2 Manchester City
100%
4 Chelsea
83%
3 Manchester United
83%
8 Arsenal
67%
18 Bournemouth
67%
12 Everton
67%
5 Leicester
67%
13 Newcastle
67%
9 Sheffield
67%
6 Tottenham
67%
19 Watford
67%
7 Wolverhampton
67%
17 Aston Villa
50%
15 Brighton
50%
10 Burnley
50%
14 Crystal Palace
50%
20 Norwich
50%
11 Southampton
50%
16 West Ham
50%
No matching quizzes found
Score Distribution
Percent of People with Each Score
Percentile by Number Answered
Your Score History
You have not taken this quiz